| 000 | 00707nam a2200205Ia 4500 | ||
|---|---|---|---|
| 999 |
_c29571 _d29571 |
||
| 003 | GCL | ||
| 005 | 20240530102052.0 | ||
| 008 | 140319s9999 xx 000 0 ara d | ||
| 040 |
_aGCL / _cGCL |
||
| 082 | 0 | 4 |
_a239.1 _bك ع |
| 100 | 1 | _aالكتبى : صلاح الدين محمد بن شاكر بن احمد | |
| 245 | 1 | 0 |
_aعيون التواريخ / _cالكتبى : صلاح الدين محمد بن شاكر بن احمد |
| 260 |
_a[S.N] : _bمكتبة النهضة المصرية ، _c1980 |
||
| 300 | _a512 ص | ||
| 650 | 0 | 4 | _aالاسلام |
| 650 | 0 | 4 | _aالسيرة النبوية |
| 650 | 0 | 4 | _aالديانات |
| 700 | 1 | _aحسام الدين القوصى(تحقيق) | |
| 942 |
_2ddc _cBK |
||